Lectotype designations, new synonymies, and new species in the genera Trichillum Harold and Pedaridium Harold (Coleoptera: Scarabaeidae: Scarabaeinae) (Registro nro. 13552)

Detalles MARC
000 -CABECERA
Campo de control 004300000a22001210004500
090 ## - CLASIFICACIÓN LOCAL
Colección AR
Consecutivo 04453
041 0# - IDIOMA
Código de idioma para texto/pista de sonido o título separado
100 1# - ASIENTO PRINCIPAL--NOMBRE PERSONAL
Nombre personal Vaz de Mello, Fernando Z.
245 10 - MENCION DE TITULO
Título Lectotype designations, new synonymies, and new species in the genera Trichillum Harold and Pedaridium Harold (Coleoptera: Scarabaeidae: Scarabaeinae)
700 1# - ASIENTO SECUNDARIO - NOMBRE PERSONAL
Nombre personal Génier, Francois
773 1# - Item fuente:
Título Zootaxa
Descripción física 1038
Paginas del Articulo 41-52
Lugar, editorial y fecha de publicación 2005
942 ## - ELEMENTOS ADICIONALES (KOHA)
Tipo de ítem Artículo
Existencias
Withdrawn status Lost status Damaged status No para préstamo Colección Ubicación Permanente Ubicación actual Fecha de adquisición Fuente de Valor Datos de publicación Seriada Total Checkouts Número topográfico Inventario / Código de Barras Date last seen Ejemplar Price effective from Forma de adquisición Tipo de material
      No para Préstamo Hemeroteca Bogotá Bogotá 26/09/2007 Ospina, Mónica Fuera de circulación   AR 04453 025296 25/03/2015 1 25/03/2015   Artículo